=LDR 00000nam 2200000 4500 =001 INLIS000000000010861 =005 20130612102454 =008 ***********************************Ind** =035 ##$$0010-061300000010861 =041 ##$$a Ind =082 ##$$a 346.04 =090 ##$$a 346.04, Sof h =100 ##$$a Softwan, Sri Sudewi Mashun =245 ##$$a Hukum Perdata, hak Jaminan atas tanah, Prof.Dr.Ny.Sri Soedewi MAs-Jchoen Sofwan S.H =260 ##$$a 1981 $b Yogyakarta =300 ##$$a VIII-138 hlm, 21 cm =650 ##$$a Hukum Perdata =850 ##$$a NBPNMAT